Catalog

Record Details

Catalog Search



Il nome della rosa  Cover Image Book Book

Il nome della rosa / Umberto Eco

Eco, Umberto (Author).

Record details

  • Physical Description: 532 p. : plans ; 22 cm
  • Publisher: Milano : Bompiani, 1980

Content descriptions

General Note:
Plans on lining papers.

Available copies

  • 1 of 1 copy available at Common Catalog SPOK.

Holds

  • 0 current holds with 1 total copy.
Show All Copies
Location Call Number / Copy Notes Barcode Shelving Location Status Due Date
KDS Library 824 EcU 204576803663 Library Available -

LDR 00694cam a2200241 a 4500
00123048
003CZ-PrJAB
00520160222100818.0
008900717s1980 it e 000 1 ita d
035 . ‡a(UkOxU)010294324
035 . ‡aoxf98415016
040 . ‡aVYL ‡cVYL ‡dm/c ‡dEQO
1001 . ‡aEco, Umberto
24513. ‡aIl nome della rosa / ‡cUmberto Eco
260 . ‡aMilano : ‡bBompiani, ‡c1980
300 . ‡a532 p. : ‡bplans ; ‡c22 cm
500 . ‡aPlans on lining papers.
910 . ‡aABE463
901 . ‡a23048 ‡b ‡c23048 ‡tbiblio

Additional Resources